ŠVOČ 2004. Sekcia: Automatizované systémy riadenia : Zborník prác zo študenskej konferencie. Bratislava, 28. apr. 2004

Enregistré dans:
Détails bibliographiques
Format: Livre
Langue:slovaque
Publié: Bratislava : STU v Bratislave, 2004
Sujets:
Tags: Ajouter un tag
Pas de tags, Soyez le premier à ajouter un tag!

MARC

LEADER 00000nam a22000003a 4500
001 stu89145
005 20150408161221.6
008 040721s2004----xo------------------slo-d
040 |a STU  |b slo 
041 0 |a slo 
044 |a xo 
080 |a 681.5 
080 |a 519.71  |7 stu_us_auth*stu8254 
245 |a ŠVOČ 2004. Sekcia: Automatizované systémy riadenia :  |b Zborník prác zo študenskej konferencie. Bratislava, 28. apr. 2004 
260 |a Bratislava :  |b STU v Bratislave,  |c 2004 
300 |a Preruš.str 
650 7 |a automatizované systémy riadenia  |2 stusub 
650 7 |a ASR  |2 stusub 
996 |b 284EZ00310  |c E*Z-874  |l EE0102  |s P  |a 0  |w stu89145_0001